[Event "GER-ch U10 Girls"]
[Site "Willingen"]
[Date "2021.08.28"]
[Round "9"]
[White "Meier, Viktoria"]
[Black "Xiao, Yiyi1111"]
[Result "0-1"]
[WhiteElo "1280"]
[BlackElo "1368"]
[PlyCount "74"]
[EventDate "2021.08.22"]
[EventType "swiss"]
[EventRounds "11"]
[EventCountry "GER"]
[SourceTitle "EXT 2022"]
[Source "ChessBase"]
[SourceDate "2021.10.06"]
[SourceVersion "1"]
[SourceVersionDate "2021.10.06"]
[SourceQuality "1"]

1. d4 d5 2. Nf3 Nf6 3. e3 Bg4 4. c4 e6 5. Qb3 b6 6. Qa4+ Qd7 7. Qxd7+ Nbxd7 8. Nc3 c5 9. Bd3 Bd6 10. e4 dxe4 11. Nxe4 Be7 12. Be3 Rc8 13. b3 h6 14. h3 Bh5 15. g4 Bg6 16. Nxf6+ Bxf6 17. Bxg6 fxg6 18. 0-0-0 Rf8 19. Nh2 Bh4 20. f4 Bg3 21. Rdf1 cxd4 22. Bxd4 Bxf4+ 23. Kc2 e5 24. Re1 Rf7 25. Re2 Re7 26. Bc3 e4 27. Bd2 g5 28. Rhe1 Nf6 29. Bxf4 gxf4 30. Nf3 e3 31. Nd4 Kf7 32. Nf5 Rd7 33. Rd1 Rcd8 34. Rxd7+ Rxd7 35. Re1 Ne4 36. Rf1 e2 37. Rxf4 Rd2+ 0-1

[Event "DSOL 08 Liga Final 1st"]
[Site "Playchess.com INT"]
[Date "2020.08.25"]
[Round "1.2"]
[White "Welp, Florian"]
[Black "Meier, Viktoria"]
[Result "1-0"]
[WhiteElo "1492"]
[BlackElo "1281"]
[PlyCount "75"]
[EventDate "2020.06.22"]
[EventType "team-k.o. (rapid)"]
[EventCountry "GER"]
[SourceTitle "EXT 2021"]
[Source "ChessBase"]
[SourceDate "2020.10.23"]
[SourceVersion "1"]
[SourceVersionDate "2020.10.23"]
[SourceQuality "1"]
[WhiteTeam "Hollage Rochade"]
[BlackTeam "Eichstetten"]
[WhiteTeamCountry "GER"]
[BlackTeamCountry "GER"]

1. c4 c6 2. Nc3 d5 3. cxd5 cxd5 4. d4 Nc6 5. Nf3 Nf6 6. a3 Bf5 7. e3 e6 8. Be2 Be7 9. 0-0 0-0 10. h3 Bd6 11. Bd2 e5 12. dxe5 Nxe5 13. Nd4 Bd3 14. Bxd3 Nxd3 15. Qc2 Nc5 16. Rac1 Rc8 17. f3 Bb8 18. b4 Ne6 19. Qd3 Nxd4 20. Qxd4 Rc4 21. Qd3 Qd6 22. f4 d4 23. Nb5 Qd5 24. Qxc4 Qd7 25. Nxd4 Ne4 26. Be1 Qd6 27. Nf3 a6 28. Qxe4 Qd7 29. Ng5 f5 30. Qc4+ Kh8 31. Bc3 h6 32. Nf3 b5 33. Qb3 Qd3 34. Bxg7+ Kxg7 35. Qxd3 Rf6 36. Ne5 Bxe5 37. fxe5 Re6 38. Qd7+ 1-0

[Event "GER-ch U18 sf Berlin Online"]
[Site "Playchess.com INT"]
[Date "2020.05.01"]
[Round "3"]
[White "Meier, Viktoria"]
[Black "Muendoerfer, Sebastian"]
[Result "1-0"]
[WhiteElo "1620"]
[BlackElo "1619"]
[PlyCount "65"]
[EventDate "2020.05.01"]
[EventType "swiss (blitz)"]
[EventRounds "13"]
[EventCountry "GER"]
[SourceTitle "CBM 195 Extra"]
[Source "ChessBase"]
[SourceDate "2020.05.31"]
[SourceVersion "1"]
[SourceVersionDate "2020.05.31"]
[SourceQuality "1"]

1. d4 Nf6 2. Bf4 d6 3. e3 g6 4. c4 Bg7 5. Nc3 0-0 6. e4 e6 7. Qd2 Nc6 8. Nf3 Nh5 9. Bh6 b6 10. Bxg7 Kxg7 11. Bd3 Bb7 12. 0-0 Qf6 13. d5 Nd4 14. Nxd4 Qxd4 15. dxe6 fxe6 16. Nb5 Bxe4 17. Nxd4 Bxd3 18. Qxd3 e5 19. Ne6+ Kf7 20. Nxf8 Rxf8 21. Qd5+ Kg7 22. Qc6 Nf4 23. Qxc7+ Rf7 24. Qxd6 Kh6 25. Qxe5 Nd3 26. Qe3+ Nf4 27. g3 g5 28. gxf4 gxf4 29. Qe6+ Kg7 30. Kh1 Kf8 31. Rg1 f3 32. Rae1 Rg7 33. Qe8# 1-0

[Event "GER-ch U18 sf Berlin Online"]
[Site "Playchess.com INT"]
[Date "2020.05.01"]
[Round "8"]
[White "Reich, Elisabeth"]
[Black "Meier, Viktoria"]
[Result "1-0"]
[WhiteElo "1500"]
[BlackElo "1620"]
[PlyCount "119"]
[EventDate "2020.05.01"]
[EventType "swiss (blitz)"]
[EventRounds "13"]
[EventCountry "GER"]
[SourceTitle "CBM 195 Extra"]
[Source "ChessBase"]
[SourceDate "2020.05.31"]
[SourceVersion "1"]
[SourceVersionDate "2020.05.31"]
[SourceQuality "1"]

1. e4 c6 2. d3 d5 3. Nd2 dxe4 4. Nxe4 Bf5 5. Nd2 e6 6. Ngf3 Nf6 7. g3 Be7 8. Bg2 0-0 9. 0-0 Nbd7 10. Qe2 Bg4 11. c3 Ne5 12. Qxe5 Qxd3 13. Qe3 Qxe3 14. fxe3 Bc5 15. Nb3 Bb6 16. Kh1 Bxf3 17. Bxf3 Rfd8 18. e4 e5 19. Bg5 Rd6 20. Rad1 Re6 21. Bg4 Nxg4 22. Rd2 Ne3 23. Bxe3 Bxe3 24. Rd3 Bb6 25. Rfd1 Rf6 26. Nc5 g6 27. Nxb7 Rf2 28. R3d2 Rxd2 29. Rxd2 Rb8 30. Nd6 Rd8 31. Nc4 Rxd2 32. Nxd2 Bc7 33. b3 Bb6 34. c4 Bc7 35. Nf3 Bd6 36. h3 c5 37. Kg2 a5 38. g4 Bc7 39. Kf2 Bb6 40. Nxe5 Bc7 41. Nd7 Bd6 42. e5 Bc7 43. Ke2 Kg7 44. Kd3 Bb8 45. Nxb8 f6 46. exf6+ Kxf6 47. Nd7+ Ke7 48. Nxc5 h5 49. gxh5 gxh5 50. Nb7 Kf6 51. Nxa5 Kf5 52. c5 Kf4 53. c6 Kg3 54. c7 Kxh3 55. c8Q+ Kg3 56. Qf5 h4 57. Qg5+ Kh3 58. Qxh4+ Kxh4 59. b4 Kg5 60. b5 1-0